| 000 | 00784nam a22001817a 4500 | ||
|---|---|---|---|
| 003 | JO-AjAnu | ||
| 005 | 20241019075716.0 | ||
| 008 | 241019b jo ||||| |||| 00| 0 ara d | ||
| 040 | _cJO-AjAnu | ||
| 041 | _aara | ||
| 100 | 1 |
_aشاهين،منصور _966253 _eمؤلف |
|
| 245 | 1 | 0 |
_aعصر الصورة من الفوتوغرافيا الى الاقمار الصناعية والجرافيك مروره بالسينما والصحيفة المصورة والتلفزيون / _cتاليف منصور شاهين |
| 250 | _aالطبعةالاولى | ||
| 260 |
_aالقاهرة : _bالهيئة المصريةالعامة للكتاب، _c2017 |
||
| 300 | _a201 صفحة | ||
| 650 | 7 | 0 |
_aالتصوير الفوتوغرافي- تاريخ - تطور _966254 |
| 942 |
_2lcc _cBK _n0 |
||
| 999 |
_c33731 _d33731 |
||